Pierwszy, pierwsza, pierwsze... (wiedza ogólna) - Statystyki

Ogólne statystyki
  • Ten quiz został rozwiązany 102 razy
  • Średni wynik to 4 z 20
Statystyki odpowiedzi
Pierwsze (-y, -a): Kto: % Poprawnych
Opłynięcie kuli ziemskiej (1521) Ferdynand Magellan
88%
Kobieta laureatka Nagrody Nobla (1903) Maria Skłodowska-Curie
85%
Człowiek na Księżycu (1969) Neil Armstrong
77%
Zdobycie Bieguna Południowego (1911) Roald Amundsen
28%
Samotne przepłynięcie Atlantyku (2011) Aleksander Doba
16%
Skok spadochronowy ze stratosfery (2012) Felix Baumgartner
16%
Zdobywca Korony Himalajów (1986) Reinhold Messner
11%
Przelot nad Atlantykiem (1927) Charles Lindbergh
9%
Wyjście w otwartą przestrzeń kosmiczną (1965) Aleksiej Leonow
6%
Zdobycie Bieguna Północnego (1909) Robert Peary
5%
Transplantacja serca (1967) Christiaan Barnard
4%
Dotarcie do źródeł Nilu (1847) Henry Stanley
4%
Przelot nad Kanałem La Manche (1909) Louis Bleriot
4%
Przekroczenie prędkości dźwięku (1947) Chuck Yeager
2%
Afroamerykanin zdobywca Oscara (1940) Hattie McDaniel
2%
Kobieta-prezydent (1974) Isabel Peron
2%
Mistrz olimpijski ery nowożytnej (1896) James Connolly
2%
Trwała fotografia (1826) Joseph Nicephore Niepce
2%
Rozszczepienie jądra atomu (1938) Otto Hahn
2%
Sprint na 100 metrów poniżej 10 sekund (1968) Jim Hines
1%
Nie znaleziono quizów pasujących do podanych kryteriów
Rozkład punktacji
Procent ludzi z każdym wynikiem
Percentyl według liczby udzielonych odpowiedzi
Twoja historia wyników
Nie rozwiązałeś tego quizu